书目信息

书名: 新时代中国文化软实力建设研究 
作者: 董召锋,
出版信息: 北京   中国商业出版社  2021.6
开本页数: 24cm  212页
丛书名:
单 册:
中图分类: G1
科图分类:
主题词: 文化事业--wen hua shi ye--建设--研究--中国
电子资源:
ISBN: 978-7-5208-1638-0
000 01369nam0 2200253 450
001 012021000010
005 20211018101620.0
010    @a978-7-5208-1638-0@dCNY69.00
100    @a20210722d2021 em y0chiy50 ea
101 @achi
102    @aCN@b110000
105    @ay a 000yy
106    @ar
200 @a新时代中国文化软实力建设研究@Axin shi dai zhong guo wen hua ruan shi li jian she yan jiu@f董召锋著
210    @a北京@c中国商业出版社@d2021.6
215    @a212页@d24cm
314    @a董召锋, 1981年生, 男, 硕士, 副教授, 河南城建学院校级青年骨干教师。
320    @a有书目 (第211-212页)
330    @a本书属于文化软实力建设方面的著作, 由前言、文化软实力概论、中国文化软实力理论建构、中国特色文化软实力的发展、文化传媒建设与文化软实力建设、传统文化转化夯实文化软实力基础、流行文化发展提升文化软实力力量、中国文化软实力的传播等部分组成。全书以文化产业的发展和文化软实力建设的互动、实现中国民族伟大复兴中国梦的理论提升及加快中国文化软实力建设为研究对象, 分析了建设社会主义核心价值文化体系和文化产业对文化软实力建设的影响, 并提出了中国文化软实力建设的对策和建议。对文化产业、文化软实力建设、中国特色文化软实力等方面的研究者和从业人员具有学习与参考价值。
606 @a文化事业@Awen hua shi ye@x建设@x研究@y中国
690    @aG1@v5
701  0 @a董召锋,@Adong zhao feng@f1981-@4著
801  0 @aCN@bCDNYKJZYXY@c20211018
905    @aCDNYKJZYXY@b300627543-4@dG1@e94@f2
    
    新时代中国文化软实力建设研究/董召锋著.-北京:中国商业出版社,2021.6
    212页;24cm
    
    
    ISBN 978-7-5208-1638-0:CNY69.00
    本书属于文化软实力建设方面的著作, 由前言、文化软实力概论、中国文化软实力理论建构、中国特色文化软实力的发展、文化传媒建设与文化软实力建设、传统文化转化夯实文化软实力基础、流行文化发展提升文化软实力力量、中国文化软实力的传播等部分组成。全书以文化产业的发展和文化软实力建设的互动、实现中国民族伟大复兴中国梦的理论提升及加快中国文化软实力建设为研究对象, 分析了建设社会主义核心价值文化体系和文化产业对文化软实力建设的影响, 并提出了中国文化软实力建设的对策和建议。对文化产业、文化软实力建设、中国特色文化软实力等方面的研究者和从业人员具有学习与参考价值。
相关链接 在五车中查询图书 在当当中查询图书 在豆瓣中查询图书


正题名:新时代中国文化软实力建设研究     索取号:G1/94         预约/预借

序号 登录号 条形码 馆藏地/架位号 状态 备注
1 627543   300627543   柳城-3楼/8架11列1层/ [索取号:G1/94] 在馆    
2 627544   300627544   柳城-3楼/8架11列1层/ [索取号:G1/94] 在馆